00451cam a22001457a 450000100100000000500170001000800410002701000130006804000230008105000210010424500700012526000530019530000290024870000280027700000847420200929161340.0840604s1983 pr a 000 0 spa  a83463131 aDO-SdBNPcDLCdDLC00aMLCS 84/6607 (P)00aReunion de espejos /cseleccion, prologo y notas, Jose Luis Vega. aRio Piedras, P.R. :bEditorial Cultural,cc1983. a303 p. :bill. ;c21 cm.1 aVega, Jose Luis,d1948-